Κατανεμημένα συστήματα με java
Αποθηκεύτηκε σε:
| Κύριος συγγραφέας: | |
|---|---|
| Μορφή: | Βιβλίο |
| Γλώσσα: | Greek |
| Δημοσίευση: |
Αθήνα :
Κλειδάριθμος,
2005.
|
| Έκδοση: | 2η εκδ. |
| Θέματα: | |
| Ετικέτες: |
Προσθήκη ετικέτας
Δεν υπάρχουν, Καταχωρήστε ετικέτα πρώτοι!
|
MARC
| LEADER | 00000cam a2200000 i 4500 | ||
|---|---|---|---|
| 001 | 1/25423 | ||
| 008 | 130205s2005 gr | ||| |||| ||gre|| | ||
| 020 | |a 9602098295 | ||
| 035 | |l 10113640 | ||
| 040 | |a GR-MyUA |b gre |e AACR2 | ||
| 041 | 0 | |a gre | |
| 082 | 0 | |a 005.44 |2 (22) | |
| 100 | 1 | |a Κάβουρας, Γιάννης Κ., |d 1947- | |
| 245 | 1 | 0 | |a Κατανεμημένα συστήματα με java / |c Ι.Κ. Κάβουρας...[κ.ά.]. |
| 250 | |a 2η εκδ. | ||
| 260 | |a Αθήνα : |b Κλειδάριθμος, |c 2005. | ||
| 300 | |a xvi, 557 σ. : |b σχέδια ; |c 24 εκ. | ||
| 504 | |a Βιβλιογραφία: σ.535-536. Ευρετήριο. | ||
| 505 | 0 | |a Τ.3. Συστήματα υπολογιστών. | |
| 650 | 0 | 0 | |a Distributed operating systems (Computers) |
| 650 | 0 | 0 | |a Java (Computer program language) |
| 740 | 0 | 2 | |a Συστήματα υπολογιστών |
| 852 | |a INST |b SAMOS |c EUDOXUS |e 20130205 |h 005.44 ΚΑΤ |p 005300033464 |q 005300033464 |t EDX |y 0 |z τ.3 | ||
| 852 | |a INST |b SAMOS |c EUDOXUS |e 20131114 |h 005.44 ΚΑΤ |p 005300035976 |q 005300035976 |t EDX |y 0 |z τ.3 | ||
| 852 | |a INST |b SAMOS |c EUDOXUS |e 20131128 |h 005.44 ΚΑΤ |p 005300036025 |q 005300036025 |t EDX |y 0 |z τ.3 | ||
| 852 | |a INST |b SAMOS |c EUDOXUS |e 20130205 |h 005.44 ΚΑΤ |p 005300033464 |q 005300033464 |t EDX |v τ.3: |y 0 |z τ.3 | ||
| 852 | |a INST |b SAMOS |c EUDOXUS |e 20131114 |h 005.44 ΚΑΤ |p 005300035976 |q 005300035976 |t EDX |v τ.3: |y 0 |z τ.3 | ||
| 852 | |a INST |b SAMOS |c EUDOXUS |e 20131128 |h 005.44 ΚΑΤ |p 005300036025 |q 005300036025 |t EDX |v τ.3: |y 0 |z τ.3 | ||
| 852 | |a INST |b SAMOS |c EUDOXUS |e 20130205 |h 005.44 ΚΑΤ |p 005300033463 |q 005300033463 |t EDX |v τ.3: |y 0 |z τ.3 | ||
| 852 | |a INST |b SAMOS |c EUDOXUS |e 20131114 |h 005.44 ΚΑΤ |p 005300035977 |q 005300035977 |t EDX |v τ.3: |y 0 |z τ.3 | ||
| 852 | |a INST |b SAMOS |c EUDOXUS |e 20131128 |h 005.44 ΚΑΤ |p 005300036026 |q 005300036026 |t EDX |v τ.3: |y 0 |z τ.3 | ||
| 853 | |a INST |b SAMOS |c EUDOXUS |h 005.44 ΚΑΤ | ||
| 853 | |a INST |b SAMOS |c EUDOXUS |h 005.44 ΚΑΤ cdrom | ||
| 901 | |a BIBL3-2013-3 | ||
| 901 | |a BIBL3-2013-3 | ||
| 901 | |a BIBL3-2013-1 | ||
| 909 | |a Σ |b 184285 | ||
| 909 | |a Σ |b 184286 | ||
| 909 | |a Σ |b 184223 | ||
| 909 | |a Σ |b 184225 | ||
| 909 | |a Σ |b 172538 | ||
| 909 | |a Σ |b 172539 | ||
| 920 | |a ΕΥΔΟΞΟΣ |b ΕΠΙΣΤΡΟΦΗ |y Σάμος |z 2013-09 | ||
| 920 | |a ΕΥΔΟΞΟΣ |y Σάμος |z 2013-02 | ||
| 970 | |a ΚΟΣΙΕΡΗΣ |b ΧΡΗΣΤΟΣ |z 2013/02/05 | ||